000 00693nam a2200205 i 4500
001 19717
003 ES-MaACL
005 20230906152143.0
007 t|
008 021008s1905 fr ||||1| fre d
100 1 _aAbraham, Henri,
_918119
245 1 4 _aLes quantités élémentaires d'électricité, ions, électrons, corpuscules /
_cpar Henri Abraham et Paul Langevin.
260 _aParís :
_bGauthier-Villars,
_c1905.
300 _a2 v. :
_bil. ;
_c25 cm.
490 1 _aCollection de memoires relatif a la physique
700 1 _aLangevin, Paul.
_970044
830 0 _aCollection de memoires relatif a la physique
_9226708
852 _aES-MaACL
_jC-3155-56
999 _c19717
_d19717